000 00535nam a22001817a 4500
003 OSt
005 20180116183044.0
008 160425b xxu||||| |||| 00| 0 eng d
020 _a978861242211
040 _c0
082 _a658.72 CIP 2012
100 _aCIPS
245 _aProcurement and Supply Stakeholders NC5
_bCertificate in procurement and supply operations
_cCIPS
260 _a Lincolnshire
_bProfex Publishing Limited
_c2012
300 _a125 p.
_bPB
440 _aProcurement and Supply Stakeholders
942 _2ddc
_cBK
999 _c351374
_d351374